00865nam a2200241Ia 4500001000600000003000900006008004100015040001300056040001300069041001300082100001900095100002900114245003300143245005300176250001100229260001400240260001000254260004900264300005900313500018400372650003600556650003100592D4026IT-RoPAU130308s9999 xx 000 0 und d aIT-RoPAU cIT-RoPAU aSPAGNOLO aPaz M. Antonia gCodice Aut. SPICS: 44358 aBatalla de las agencias (La) bHistoria de los medios de comunicacion En Espana a1a ed. aBARCELONA bAriel c1989 [1° Ed.:1989 - Ed.Ling.Originale:1989] a"13 p. (prefazione: no ; testo: 13 [pagine: 206-218])" aBattaglia delle Agenzie D'Informazione. Ripercussioni della Prima Guerra Mondiale. Evoluzione Negli Anni Venti. Difficoltà degli Anni trenta . Agenzia Fabra nella Guerra Civile. aSTORIA NAZIONALE DEI MASS MEDIA eCodice materia Spics: 6109